Famous Dancers Quiz Stats

 Plays Quiz Updated Feb 12, 2020

Support Sporcle.
Go Orange.
Score 0/22 Timer 07:00
0 Plays Today
Known for Dancer % Correct
Popularized the 'Moonwalk'Michael Jackson
93.5%
One of the most influential film dancers, he starred in 'Top Hat' and 'Swing Time'Fred Astaire
69.7%
Child dancer of film known for her curls and a namesake drinkShirley Temple
68.6%
Dancer of 'Singin' in the Rain' and 'Anchors Aweigh'Gene Kelly
61.1%
RKO dance partner of above, she's known for doing 'everything he did, except backwards and in high heels'Ginger Rogers
59.2%
Known for popularizing Irish step dance through 'Riverdance' and 'Lord of the Dance'Michael Flatley
49%
Russian ballet dancer, he appeared on 'Sex and the City'Mikhail Baryshnikov
44.1%
Musical Theatre and Film Choreographer, won Academy Award for 'Cabaret' Bob Fosse
38.7%
Founder of an influential contemporary dance technique, company and school, in 1998 TIME named her 'Dancer of the Century'Martha Graham
31.8%
Tap dancer and actor who appeared in 'History of the World-Part I' and 'Cotton Club'Gregory Hines
31.5%
Tap dancer and honorary mayor of Harlem, he often played a sterotype and 'would dance for you in worn out shoes'Bill 'Bojangles' Robinson
28%
Known for Dancer % Correct
Choreographer of 'Movin' Out', a musical based on the songs of Billy JoelTwyla Tharp
27.5%
A mother of modern dance who believed in free-flowing and natural movements based on classical Greek artIsadora Duncan
21.8%
Choreographer of 'West Side Story' and 'The King and I'Jerome Robbins
21.4%
Co-founder of the NYC Ballet, he often collaborated with StravinskyGeorge Balanchine
19.8%
Legendary Russian prima ballerina, known for 'The Dying Swan'Anna Pavlova
19.4%
Choreographer of 'Bring in 'da Noise, Bring in 'da Funk', co-chorographer of 'Happy Feet' Savion Glover
17.8%
Prima ballerina assoluta of the Royal Ballet, famed partner of Rudolf NureyevMargot Fonteyn
14.9%
Dancer of the Ballets Russes, famed for his charisma and leaps, he retired due to schizophreniaVaslav Nijinsky
13.5%
Native American prima ballerina, known for her roles in 'The Firebird' and 'The Nutcracker'Maria Tallchief
10.7%
American modern dancer and choreographer, noted for the idea that music and dance exist independentlyMerce Cunningham
10.3%
Famed flamenco dancer who appeared with his troupe in several tv shows and 'Around the World in 80 Days'José Greco
3.7%

From the Vault

Liquor by Limerick

by Limerick_Man

You might want to have a drink before you tackle this quiz.
Remove Ads.
Support Sporcle.
Get the best of Sporcle when you Go Orange. This ad-free experience offers more features, more stats, and more fun while also helping to support Sporcle. Thank you for becoming a member.

Show Comments

Extras

Top Quizzes Today


Score Distribution

Your Account Isn't Verified!

In order to create a playlist on Sporcle, you need to verify the email address you used during registration. Go to your Sporcle Settings to finish the process.

Report this User

Report this user for behavior that violates our Community Guidelines.

Details: